00720nam a2200157Ia 4500008004100000100002700041245010200068245015000170260005300320260001300373300000800386650001500394856006100409999001900470952007300489170221s9999 xx 000 0 und d aRaushaniia I. Zinurova 4aThe Management of Russian Universities on the Basis of International Education Quality Standards  cRaushaniia I. Zinurova, Svetlana S. Berman, Andrey R. Tuzikov, Elvira B. Gayazova, Evgenia I. Stayzhkina, Veronika R. Medvedeva, Irina A. Frolova bInternational Review of Management and Marketing cMay 2012 a1:2 xMarketing. uhttp://www.econjournals.com/index.php/irmm/issue/view/71 c310460d310460 001040aCLbCLd2017-02-21l0r2017-02-21 00:00:00w2017-02-21yFOJ